Muqarnas: (Record no. 353562)

000 -LEADER
fixed length control field 00713nam a22002417a 4500
003 - CONTROL NUMBER IDENTIFIER
control field OSt
005 - DATE AND TIME OF LATEST TRANSACTION
control field 20180116192411.0
008 - FIXED-LENGTH DATA ELEMENTS--GENERAL INFORMATION
fixed length control field 121129t2011 xxu||||| |||| 00| 0 eng d
020 ## - INTERNATIONAL STANDARD BOOK NUMBER
International Standard Book Number 9789004211476
020 ## - INTERNATIONAL STANDARD BOOK NUMBER
International Standard Book Number 9789004224810
020 ## - INTERNATIONAL STANDARD BOOK NUMBER
International Standard Book Number 07322992
040 ## - CATALOGING SOURCE
Transcribing agency 0
082 ## - DEWEY DECIMAL CLASSIFICATION NUMBER
Classification number 700.88297
245 00 - TITLE STATEMENT
Title Muqarnas:
Remainder of title An Annual on the Visual Cultures of the Islamic World/
Statement of responsibility, etc. Gulru Necipoglu (Editor)
Medium vol.28
260 ## - PUBLICATION, DISTRIBUTION, ETC.
Place of publication, distribution, etc. Boston:
Name of publisher, distributor, etc. Brill;
Date of publication, distribution, etc. 2011.
300 ## - PHYSICAL DESCRIPTION
Extent 288p. :
Other physical details ill;
Dimensions 28 cm.
650 ## - SUBJECT ADDED ENTRY--TOPICAL TERM
Topical term or geographic name entry element Islamic arts
9 (RLIN) 5991
700 1# - ADDED ENTRY--PERSONAL NAME
Personal name Necipoglu,Gulru
9 (RLIN) 5992
700 1# - ADDED ENTRY--PERSONAL NAME
Personal name Leal,Karen
9 (RLIN) 5993
710 1# - ADDED ENTRY--CORPORATE NAME
Corporate name or jurisdiction name as entry element Grabar,Oleg
9 (RLIN) 5994
942 ## - ADDED ENTRY ELEMENTS (KOHA)
Source of classification or shelving scheme
Koha item type Book
Holdings
Withdrawn status Lost status Source of classification or shelving scheme Damaged status Not for loan Permanent Location Current Location Date acquired Total Checkouts Full call number Barcode Date last seen Cost, replacement price Price effective from Koha item type
          School of Art Design and Architecture (SADA) School of Art Design and Architecture (SADA) 11/20/2012   700.88297 MUQ 2011 SADA0001889 01/05/2017 6611.00 01/05/2017 Book
© 2023 Central Library, National University of Sciences and Technology. All Rights Reserved.